002670000a220007300045001000026000002450081000263000057001077730029001641 aGonzález, José L.10aThe Latin Amarican church comes of age... Just in time for the United States aVol. 79, Num. 1 (Enero-Marzo, 1999), Páginas 10-110 tLatin America Evangelist